Zemplínska Teplica

Bibliographic Details
Other Authors: Ordoš, Ján, 1952-2005 (Compiler)
Format: Book
Language:Slovak
PhysicalDescription:287 strán, [8] strán obrazových príloh fotografie, noty, tabuľky 25 cm
Published: Zemplínska Teplica Obecný úrad 2003
ISBN:8096886614
Edition:1. vyd.
Subjects:

MARC

LEADER 00000cam a2200000 a 4500
001 vtls001483021
003 SK-MaSNL
005 20260301225358.0
008 240226s2003 xo og frn 000 0 slo
015 |a SNBA2004/12-06517 
020 |a 8096886614  |q (viazané) 
035 |a SNK000438317 
035 |a urn:nbn:sk:snk-am3j3ar 
035 |a AF601EB8-E6E6-4E6D-A9CB-2313770E2A06 
035 |a urn:nbn:sk:snk-am00gi44 
040 |a SNK  |b slo  |c SNK  |e AACR2 
041 0 |a slo  |b eng  |b ger 
043 |a e-xo--- 
044 |a xo  |c SK 
072 7 |a 94(437.6)  |x Dejiny Slovenska  |2 konspekt 
080 |a 94(437.6)  |2 1997 
080 |a (048.8)  |2 1997 
080 |a 911.373  |2 2011 
080 |a 911.375(091)  |2 2011 
080 |a (437.6)  |2 2011 
080 |a (048.8)  |2 2011 
245 0 0 |a Zemplínska Teplica  |c [zostavovateľ: Ján Ordoš] 
250 |a 1. vyd. 
260 |a Zemplínska Teplica  |b Obecný úrad  |c 2003 
300 |a 287 strán, [8] strán obrazových príloh  |b fotografie, noty, tabuľky  |c 25 cm 
500 |a Ilustrované predsádky ; obsahuje poznámky, slovníček, zoznam tabuliek, zoznam vyčítaniek a piesní 
504 |a Obsahuje bibliografické odkazy 
546 |a Text slovensky, resumé anglicky a nemecky 
650 0 7 |a dejiny obcí  |2 SNKPH  |9 164834 
650 0 7 |a obce  |2 SNKPH  |9 2935 
651 7 |a Zemplínska Teplica (Slovensko)  |2 SNKPHgeo  |9 52042 
655 7 |a monografie  |2 SNKPH  |9 70139 
700 1 |a Ordoš, Ján,  |d 1952-2005  |4 com  |9 8998 
919 |a 80-968866-1-4 
958 |a TL 
958 |a NB 
958 |a OND 
999 |c 950682  |d 952612 
952 |t P60, <03>, [BOOK], {603}, -K-  |a SNK  |b SNK  |y PREZ  |7 0  |p 17A0444867  |o snkSC 117538  |i snkKSP 12973/2004  |0 0  |1 0  |4 0  |d 2004-10-06  |f 1  |l 0  |r 2025-10-16 00:00:00  |w 2026-02-24 
952 |t snkZET 908.437.6  |a SNKUST  |b SNKUST  |y PREZ  |7 0  |p 17A0444866  |o snkSC 117538 D1   |i snkKSP 12974/2004  |0 0  |1 0  |4 0  |d 2004-10-06  |l 0  |r 2025-05-28 00:00:00  |w 2026-02-24